000 00406nam a2200169Ia 4500
005 20250423095501.0
008 250422s9999 xx 000 0 und d
020 _a9789386841308
050 _aHQ 1075 .R36/
100 _aRamar, R.
245 0 _aGender school and society
260 _aNew Delhi
260 _bDiscovery Publishing House Pvt. Ltd.
260 _c2018
300 _a234 p
942 _cBK
999 _c30412
_d30412